Περί φωτογραφίας
Αποθηκεύτηκε σε:
| Κύριος συγγραφέας: | |
|---|---|
| Άλλοι συγγραφείς: | |
| Μορφή: | Βιβλίο |
| Γλώσσα: | Greek English |
| Δημοσίευση: |
Αθήνα :
Εκδόσεις του περιοδικού Φωτογράφος,
1993.
|
| Σειρά: | Βιβλία θεωρίας και κριτικής της φωτογραφίας
|
| Θέματα: | |
| Ετικέτες: |
Προσθήκη ετικέτας
Δεν υπάρχουν, Καταχωρήστε ετικέτα πρώτοι!
|
MARC
| LEADER | 00000cam a2200000 a 4500 | ||
|---|---|---|---|
| 001 | 1/116721 | ||
| 008 | 180604s1993####gr | ||| |||| ||gre|| | ||
| 020 | |a 9608512034 | ||
| 040 | |a GR-MyUa |b gre |c GR-MyUa |e AACR2 | ||
| 041 | 1 | |a gre |h eng | |
| 082 | 7 | |a 770.1 |2 (23) | |
| 100 | 1 | |a Sontag, Susan, |d 1933-2004. | |
| 245 | 1 | 0 | |a Περί φωτογραφίας / |c Susan Sontag ; μετάφραση Ηρακλής Παπαϊωάννου. |
| 260 | |a Αθήνα : |b Εκδόσεις του περιοδικού Φωτογράφος, |c 1993. | ||
| 300 | |a 191 σ. ; |c 24 εκ. | ||
| 490 | 1 | |a (Βιβλία θεωρίας και κριτικής της φωτογραφίας) | |
| 500 | |a Μετάφραση του: On photography, 1973. | ||
| 505 | 8 | |a Στη σπηλιά του Πλάτωνα -- Βλέποντας την Αμερική, μέσα απο φωτογραφίες, Σκοτεινή -- Αντικείμενα μελαγχολίας -- Ο ηρωισμός της όρασης -- Φωτογραφικά Ευαγγέλια -- Ο κόσμος εικόνα -- Συνοπτική ανθολογία αποσπασμάτων. | |
| 650 | 0 | |a Photography, Artistic. | |
| 650 | 0 | |a Photography |x Philosophy. | |
| 700 | 1 | |a Παπαϊωάννου, Ηρακλής, |d 1962- |e trl | |
| 830 | 0 | |a Βιβλία θεωρίας και κριτικής της φωτογραφίας | |
| 852 | |a INST |b LESVOS |c EUDOXUS |e 20180604 |h 770.1 SON |p 005100060381 |q 005100060381 |t EDX |y 0 | ||
| 920 | |a Εύδοξος |b Παραγγελία |y Σύρος-ΤΜΣΠΣ |z 2022-01 | ||
| 920 | |a Εύδοξος |b Παραγγελία |y Λέσβος-ΤΠΤΕ |z 2018-04 | ||
| 970 | |z 04-06-2018 | ||